Pembangunan Negara

Bibliographic Details
Main Author: Jasiman Ahmad
Format: Book
Published: Kuala Lumpur : Jade green publication sdn.bhd , 2006
Series:Siri Kenegaraan Malaysia
Subjects:

MARC

LEADER 00000cam a2200000 7i4500
001 0000004653
005 20151222.0
008 070730
020 |a 9831980646 
090 0 0 |a ECO   |b MAL 
100 1 |a Jasiman Ahmad 
245 1 0 |a Pembangunan Negara   |c Jasiman Ahmad 
260 |a Kuala Lumpur :   |b Jade green publication sdn.bhd ,   |c 2006 
440 0 |a Siri Kenegaraan Malaysia 
500 |a Children ages 10-12 years old (pink) 
650 0 |a Education and state   |z Malaysia 
650 0 |a Malaysia   |x Economic conditions   |x Juvenile literature 
999 |a 0000976743   |b Book   |c Adult Collection   |e Cawangan Segamat 
999 |a 0000976744   |b Book   |c Children Collection   |e Cawangan Pontian 
999 |a 0000976745   |b Book   |c Children Collection   |e Cawangan Mersing 
999 |a 0000978649   |b Book   |c Children Collection   |e Cawangan Tangkak 
999 |a 0000978650   |b Book   |c Children Collection   |e Cawangan Mersing 
999 |a 0000978651   |b Book   |c Children Collection   |e Cawangan Taman Universiti 
999 |a 0000978652   |b Book   |c Children Collection   |e Cawangan Bandar Tenggara 
999 |a 0000978653   |b Book   |c Children Collection   |e Cawangan Bukit Gambir